[Event "Caribbean-ch U14"]
[Site "San Salvador"]
[Date "2021.11.27"]
[Round "2"]
[White "Burgos, Bryan Daniel"]
[Black "Torres Urena, Edgar Jose"]
[Result "1-0"]
[WhiteElo "1464"]
[BlackElo "1056"]
[PlyCount "65"]
[EventDate "2021.11.27"]
[EventType "swiss"]
[EventRounds "9"]
[EventCountry "ESA"]
[SourceTitle "EXT 2023"]
[Source "ChessBase"]
[SourceDate "2022.10.05"]
[SourceVersion "1"]
[SourceVersionDate "2022.10.05"]
[SourceQuality "1"]
[WhiteTeam "El Salvador"]
[BlackTeam "Costa Rica"]
[WhiteTeamCountry "ESA"]
[BlackTeamCountry "CRI"]

1. e4 e5 2. Nf3 Nc6 3. Bc4 Nf6 4. Qe2 Be7 5. c3 0-0 6. d3 d5 7. Bb3 h6 8. Nbd2 Re8 9. h3 Bf8 10. g4 g6 11. Nf1 Bg7 12. Ng3 g5 13. Nf5 Bxf5 14. gxf5 dxe4 15. dxe4 Qe7 16. Nh2 a6 17. h4 Nh7 18. hxg5 Nxg5 19. Ng4 Na5 20. Bc2 Kh7 21. f6 Bxf6 22. Rxh6+ Kg7 23. Rxf6 Rh8 24. Qf1 Qd7 25. f3 Rh5 26. b4 Nc6 27. Bb3 Rf8 28. Bxg5 Rxg5 29. a4 Nd8 30. Rd1 Qe7 31. Rf5 Rxf5 32. exf5 e4 33. f6+ 1-0

[Event "Caribbean-ch U14"]
[Site "San Salvador"]
[Date "2021.11.27"]
[Round "8"]
[White "Monge Ramirez, Abigail"]
[Black "Torres Urena, Edgar Jose"]
[Result "1-0"]
[WhiteElo "1079"]
[BlackElo "1056"]
[PlyCount "53"]
[EventDate "2021.11.27"]
[EventType "swiss"]
[EventRounds "9"]
[EventCountry "ESA"]
[SourceTitle "EXT 2023"]
[Source "ChessBase"]
[SourceDate "2022.10.05"]
[SourceVersion "1"]
[SourceVersionDate "2022.10.05"]
[SourceQuality "1"]
[WhiteTeam "Costa Rica"]
[BlackTeam "Costa Rica"]
[WhiteTeamCountry "CRI"]
[BlackTeamCountry "CRI"]

1. e4 e5 2. f4 exf4 3. Nf3 g5 4. Bc4 Bg7 5. 0-0 h6 6. d4 d6 7. Qd3 Ne7 8. Qb3 0-0 9. d5 Ng6 10. Bd2 g4 11. Ne1 Bd4+ 12. Kh1 Qh4 13. Na3 Ne5 14. Bxf4 f5 15. c3 Bf2 16. g3 Bxg3 17. Bxg3 Qh3 18. Ng2 Nf3 19. Nf4 Nd2 20. Qd1 Qxf1+ 21. Bxf1 Nf3 22. Bd3 Nd7 23. Ne6 Rf7 24. exf5 h5 25. Nb5 h4 26. Bxh4 Nxh4 27. Qxg4+ 1-0